Gaming Quiz

Random Gaming or Nintendo Quiz

Ocarina of Time Grab Bag Quiz Stats

 Plays Quiz Updated Mar 8, 2019

Score 0/74 Timer 09:00
0 Plays Today
Clue Answer % Correct
People of the TriforceZelda
95%
Seven SagesZelda
94.9%
People of the TriforceLink
93%
People of the TriforceGanondorf
88.6%
Seven SagesSaria
81.1%
ItemsMaster Sword
79.8%
Original ConsoleNintendo 64
78%
ItemsFairy Bow
75.6%
ItemsFairy Slingshot
73.3%
SongsSong of Time
73.3%
ItemsKokiri Sword
73.2%
SongsSong of Storms
72.1%
ItemsArrows
72.1%
ItemsHookshot
71.5%
SongsEpona's Song
71.3%
SongsZelda's Lullaby
69.3%
ItemsOcarina of Time
69.3%
ItemsHylian Shield
69.2%
ItemsMirror Shield
68.9%
GoddessesNayru
68.4%
SongsSaria's Song
68%
Remake/Re-release ConsolesWii U
68%
Remake/Re-release ConsolesGamecube
67.5%
Remake/Re-release ConsolesVirtual Console
67.1%
GoddessesDin
66.2%
ItemsBiggoron's Sword
65.3%
Seven SagesImpa
65.2%
Seven SagesPrincess Ruto
64.6%
ItemsGoron Tunic
64.4%
ItemsDeku Nuts
64.2%
ItemsBombs
63%
ItemsDeku Shield
63%
ItemsZora Tunic
62.9%
SongsSun's Song
62.7%
ItemsKokiri Tunic
62.5%
ItemsDeku Stick
61.8%
ItemsBoomerang
61.7%
Clue Answer % Correct
ItemsFire Arrow
60.2%
ItemsIron Boots
59.6%
Remake/Re-release Consoles3DS
59.3%
ItemsIce Arrow
59.2%
GoddessesFarore
59.2%
Seven SagesDarunia
58.5%
ItemsDeku Seed
58.4%
Spiritual StonesGoron's Ruby
58.3%
SongsBolero of Fire
58.1%
ItemsLongshot
58%
Spiritual StonesKokiri's Emerald
57.3%
ItemsFairy Ocarina
57.3%
Spiritual StonesZora's Sapphire
56.2%
ItemsLight Arrow
56.1%
ItemsHover Boots
52%
Seven SagesRauru
51.2%
ItemsBombchus
49.9%
SongsMinuet of Forest
49.5%
ItemsMegaton Hammer
49.1%
ItemsBottle
47.9%
Seven SagesNabooru
47.4%
SongsScarecrow's Song
45.2%
ItemsLens of Truth
44.9%
SongsSerenade of Water
44.2%
ItemsKokiri Boots
44.2%
ItemsDin's Fire
43.8%
SongsPrelude of Light
43.8%
SongsNocturne of Shadow
43.1%
ItemsFarore's Wind
41.8%
SongsRequiem of Spirit
39.4%
ItemsNayru's Love
39.2%
ItemsGolden Gauntlets
36.9%
ItemsSilver Gauntlets
36%
ItemsMagic Beans
30.3%
ItemsGolden Scale
29.5%
ItemsSilver Scale
27.4%
ItemsGoron's Bracelet
24.9%

You're not logged in!

Compare scores with friends on all Sporcle quizzes.
OR
Log In

Sporcle TV

Today on Sporcle TV


Watch our educational content, quiz creation guides, and fun videos on Sporcle TV.

Show Comments

Extras

Top Quizzes Today


Score Distribution

Your Account Isn't Verified!

In order to create a playlist on Sporcle, you need to verify the email address you used during registration. Go to your Sporcle Settings to finish the process.

Report this User

Report this user for behavior that violates our Community Guidelines.

Details: